=LDR 00000nam 2200000 4500 =001 INLIS000000000034199 =005 20130612140119 =008 ***********************************ind** =035 ##$$0010-061300000034199 =041 ##$$a ind =082 ##$$a 658.81 =090 ##$$a 658.81, Rob m =100 ##$$a ROBETSON, Darryl =245 ##$$a Making a super sale, Rahasia - rahasia sukses penjualan, Darryl Robertson ; penerjemah, Rekha Trimaryoan ; editor, John Wolor =260 ##$$a 2007 $b Jakarta =300 ##$$a viii, 130 hlm, 21 cm =650 ##$$a Manajemen Penjualan =700 ##$$a Trimaryoan, Rekha =850 ##$$a NBPNMAT